000 00435nam a2200169Ia 4500
003 GCL
008 140319s9999 xx 000 0 ara d
040 _aGCL /
_cGCL
082 0 4 _a813.02
_bع ا
100 1 _aعدلى فهيم
245 1 0 _aالحساب يا مدموازيل /
_cعدلى فهيم
300 _a146 ص
490 _a
650 0 4 _aالادب العربى
650 0 4 _aالقصص العربية
942 _2ddc
_cBK
999 _c38132
_d38132